<?xml version="1.0" encoding="UTF-8"?>
<record
    xmlns:xsi="http://www.w3.org/2001/XMLSchema-instance"
    xsi:schemaLocation="http://www.loc.gov/MARC21/slim http://www.loc.gov/standards/marcxml/schema/MARC21slim.xsd"
    xmlns="http://www.loc.gov/MARC21/slim">

  <leader>01374cam a2200241 a 4500</leader>
  <controlfield tag="001">000001083</controlfield>
  <controlfield tag="005">20200929145456.0</controlfield>
  <controlfield tag="008">730509s1963    xx a          001 0 spa  </controlfield>
  <datafield tag="040" ind1=" " ind2=" ">
    <subfield code="a">DO-SdBNP</subfield>
    <subfield code="b">spa</subfield>
    <subfield code="c">BNPHU</subfield>
  </datafield>
  <datafield tag="082" ind1=" " ind2=" ">
    <subfield code="a">922.972</subfield>
    <subfield code="b">B982e</subfield>
  </datafield>
  <datafield tag="100" ind1="1" ind2=" ">
    <subfield code="a">Bustamante, Carlos Mar&#xED;a de,</subfield>
    <subfield code="d">1774-1848.</subfield>
    <subfield code="9">3701</subfield>
  </datafield>
  <datafield tag="245" ind1="1" ind2="0">
    <subfield code="a">Tres estudios sobre don Jos&#xE9; Mar&#xED;a Morelos y Pavon /</subfield>
    <subfield code="c">Carlos Mar&#xED;a de Bustamante.</subfield>
  </datafield>
  <datafield tag="260" ind1=" " ind2=" ">
    <subfield code="a">M&#xE9;xico,</subfield>
    <subfield code="c">1963.</subfield>
  </datafield>
  <datafield tag="300" ind1=" " ind2=" ">
    <subfield code="a">125 p. :</subfield>
    <subfield code="b">il. ;</subfield>
    <subfield code="c">23 cm.</subfield>
  </datafield>
  <datafield tag="490" ind1="1" ind2=" ">
    <subfield code="a">Biblioteca Nacional de M&#xE9;xico. Instituto Bibliogr&#xE1;fico Mexicano. Publicaciones ;</subfield>
    <subfield code="v">9</subfield>
  </datafield>
  <datafield tag="500" ind1=" " ind2=" ">
    <subfield code="a">Incluye notas al pie de las p&#xE1;ginas</subfield>
  </datafield>
  <datafield tag="505" ind1="0" ind2=" ">
    <subfield code="a">Nota preliminar, por M. Alcala.- El Lic. don Carlos Mar&#xED;a de Bustamente y don Jos&#xE9; Mar&#xED;a Morelos y Pavon, por A. Mart&#xED;nez B&#xE1;ez.-Rese&#xF1;a bibliogr&#xE1;fica, por J.I. Mantecon (p. 31-32) - Elogio hist&#xF3;rico del general don Jos&#xE9; Mar&#xED;a Morelos y Pavon.- El Centzontli, num. 1: An&#xE1;lisis de los cargos hechos por la Inquisici&#xF3;n de M&#xE9;xico al se&#xF1;or general D. Jos&#xE9; Mar&#xED;a Morelos.- Historia militar del general don Jos&#xE9; Mar&#xED;a Morelos.</subfield>
  </datafield>
  <datafield tag="600" ind1="1" ind2="4">
    <subfield code="a">MORELOS, JOS&#xC9; MAR&#xCD;A,</subfield>
    <subfield code="d">1765-1815</subfield>
    <subfield code="g">SACERDOTE</subfield>
    <subfield code="z">M&#xC9;XICO</subfield>
    <subfield code="9">3702</subfield>
  </datafield>
  <datafield tag="650" ind1=" " ind2="4">
    <subfield code="a">Independencia</subfield>
    <subfield code="z">M&#xE9;xico</subfield>
    <subfield code="9">3703</subfield>
  </datafield>
  <datafield tag="700" ind1="1" ind2=" ">
    <subfield code="a">Mart&#xED;nez B&#xE1;ez, Antonio.</subfield>
    <subfield code="9">3704</subfield>
  </datafield>
  <datafield tag="830" ind1=" " ind2="0">
    <subfield code="a">Biblioteca Nacional de M&#xE9;xico. Instituto Bibliogr&#xE1;fico Mexicano. Publicaciones ;</subfield>
    <subfield code="v">9</subfield>
    <subfield code="9">3705</subfield>
  </datafield>
  <datafield tag="910" ind1=" " ind2=" ">
    <subfield code="a">En proceso</subfield>
  </datafield>
  <datafield tag="952" ind1=" " ind2=" ">
    <subfield code="0">0</subfield>
    <subfield code="1">0</subfield>
    <subfield code="5">2</subfield>
    <subfield code="7">5</subfield>
    <subfield code="8">DS</subfield>
    <subfield code="a">BNPHU</subfield>
    <subfield code="b">BNPHU</subfield>
    <subfield code="c">HD</subfield>
    <subfield code="d">2009-07-27</subfield>
    <subfield code="i">LF1</subfield>
    <subfield code="l">0</subfield>
    <subfield code="o">922.972 B982e</subfield>
    <subfield code="p">1083-10</subfield>
    <subfield code="r">2020-06-25</subfield>
    <subfield code="w">2020-06-25</subfield>
    <subfield code="y">LF1</subfield>
    <subfield code="Z">Pr&#xE9;stamo interno</subfield>
  </datafield>
  <datafield tag="999" ind1=" " ind2=" ">
    <subfield code="c">1044</subfield>
    <subfield code="d">1044</subfield>
  </datafield>
</record>
